La termitière, ou, l'Odyssée d'un jeune migrant : (Record no. 118805)
[ view plain ]
| 000 -LEADER | |
|---|---|
| fixed length control field | 00838cam a2200301 a 4500 |
| 001 - CONTROL NUMBER | |
| control field | 6477893 |
| 003 - CONTROL NUMBER IDENTIFIER | |
| control field | ARRUPE |
| 005 - DATE AND TIME OF LATEST TRANSACTION | |
| control field | 20131127154249.0 |
| 008 - FIXED-LENGTH DATA ELEMENTS--GENERAL INFORMATION | |
| fixed length control field | 031201s200u uv 000 1 fre c |
| 010 ## - LIBRARY OF CONGRESS CONTROL NUMBER | |
| LC control number | 2003538748 |
| 035 ## - SYSTEM CONTROL NUMBER | |
| System control number | (OCoLC)ocm56358052 |
| 035 ## - SYSTEM CONTROL NUMBER | |
| System control number | (OCoLC)56358052 |
| 035 ## - SYSTEM CONTROL NUMBER | |
| System control number | (NNC)6477893 |
| 040 ## - CATALOGING SOURCE | |
| Original cataloging agency | IUL |
| Transcribing agency | IUL |
| Modifying agency | DLC |
| 042 ## - AUTHENTICATION CODE | |
| Authentication code | pcc |
| 050 00 - LIBRARY OF CONGRESS CALL NUMBER | |
| Classification number | PR9371.9S3 |
| Item number | T4 2000 |
| 082 00 - DEWEY DECIMAL CLASSIFICATION NUMBER | |
| Classification number | 843/.92 |
| Edition number | 22 |
| 300 ## - PHYSICAL DESCRIPTION | |
| Dimensions | 19 cm. |
| 100 0# - MAIN ENTRY--PERSONAL NAME | |
| Personal name | Sainte-Meule. |
| 9 (RLIN) | 4285 |
| 245 13 - TITLE STATEMENT | |
| Title | La termitière, ou, l'Odyssée d'un jeune migrant : |
| Remainder of title | roman / |
| Statement of responsibility, etc | Sainte-Meule. |
| 246 30 - VARYING FORM OF TITLE | |
| Title proper/short title | Termitière |
| 246 30 - VARYING FORM OF TITLE | |
| Title proper/short title | Odyssée d'une jeune migrant |
| 260 ## - PUBLICATION, DISTRIBUTION, ETC. (IMPRINT) | |
| Place of publication, distribution, etc | [Ouagadougou? : |
| Name of publisher, distributor, etc | s.n., |
| Date of publication, distribution, etc | 2000 |
| 300 ## - PHYSICAL DESCRIPTION | |
| Extent | 131 p. ; |
| 500 ## - GENERAL NOTE | |
| General note | "ISSN 0796-6229"--Verso of p. 131. |
| 942 ## - ADDED ENTRY ELEMENTS (KOHA) | |
| Source of classification or shelving scheme | Library of Congress Classification |
| Koha item type | Monograph ( Printed materials) |
| 948 1# - LOCAL PROCESSING INFORMATION (OCLC); SERIES PART DESIGNATOR (RLIN) | |
| Series part designator, SPT (RLIN) | 20080306 |
| b (OCLC) | c |
| c (OCLC) | rch2 |
| d (OCLC) | MPS |
| Withdrawn status | Lost status | Source of classification or shelving scheme | Damaged status | Not for loan | Collection code | Home library | Current library | Shelving location | Date acquired | Total Checkouts | Full call number | Barcode | Date last seen | Price effective from | Koha item type |
|---|---|---|---|---|---|---|---|---|---|---|---|---|---|---|---|
| Library of Congress Classification | Main Collection | ARRUPE LIBRARY | ARRUPE LIBRARY | Main Collection | 27/11/2013 | PR9371.9S3 T4 2000 | 46410414 | 27/11/2013 | 27/11/2013 | Monograph ( Printed materials) |